| 000 | 00462nam a2200181Ia 4500 | ||
|---|---|---|---|
| 001 | 1938 | ||
| 005 | 20260306143805.0 | ||
| 008 | 260306t2012||||xx |||||||||||||| ||spa|| | ||
| 041 | _aESP | ||
| 082 |
_a158.2 _bE377 |
||
| 100 |
_aErskine, Richard G. _eAUT |
||
| 245 | 0 |
_aMás allá de la empatía: _buna terapia de contacto-en-la-relación |
|
| 260 | _c2012 | ||
| 300 |
_a487 páginas : _c22 cm. |
||
| 650 | _aGEN | ||
| 654 | _aCPS | ||
| 942 |
_cLIB _dJUS _fJUS _2ddc _n |
||
| 999 |
_c1938 _d1938 |
||